000 00615cam a2200217 4500500
005 20260405002530.0
041 _afre
042 _adc
100 1 0 _aPortevin, Catherine
_eauthor
245 0 0 _aRelations de confiance
260 _c2017.
500 _a9
690 _aAutorité
690 _aConfiance
690 _aDésobéissance
690 _aLoi
690 _aObéissance
690 _aYves Michaud
786 0 _nPhilosophie magazine | 112 | 9 | 2017-09-01 | p. 23-24 | 1951-1787
856 4 1 _uhttps://shs.cairn.info/magazine-philosophie-magazine-2017-9-page-23?lang=fr&redirect-ssocas=7080
999 _c2058593
_d2058593